00541nam a22001697a 450000500170000001000150001702000260003203500140005803700130007208200150008510000180010024500820011825000090020026000430020927000920025230000270034420210823131210.0 aENG-129768 c295.00a9789388478373 aEN-113300 bDBAD/PUB a796.522092 aThota, Aparna aPoorna:cAparna ThotabThe Youngest Girl in the World to Scale Mount Everest/ a2019 bPrism Books Pvt. Ltd.c2019aBengaluru mlogistics@prismbooks.combBengalurue560070a1865, 32nd cross, 10th Main BSK II Stage,  axvii,162p.c23cm (pbk)